Stavební mechanika Díl II B : pro obor inženýrských konstrukcí a dopravních staveb

Na minha lista:
Detalhes bibliográficos
Main Authors: Kolář, Vladimír (Author), Sobota, Ján (Author)
Formato: Livro
Idioma:tcheco
Publicado em: Praha : SNTL, 1965
Edição:1.vyd.
Tags: Adicionar Tag
Sem tags, seja o primeiro a adicionar uma tag!

MARC

LEADER 00000nam a22000003a 4500
001 stu270312
005 20150617230246.7
008 130708s--------cs------------------cze-d
040 |a STU  |b slo 
041 0 |a cze 
044 |a cs 
080 |a 624.04  |7 stu_us_auth*stu16857 
100 1 |a Kolář, Vladimír  |4 aut 
245 1 |a Stavební mechanika Díl II B :  |b pro obor inženýrských konstrukcí a dopravních staveb 
250 |a 1.vyd. 
260 |a Praha :  |b SNTL,  |c 1965 
300 |a 442 s 
700 1 |a Sobota, Ján  |4 aut 
996 |b 284V035228  |c V*4927/O-523a  |l VVS  |s A  |a 24  |w stu270312_0001 
996 |b 284V035373  |c V*2379/O-365  |l VVS  |s A  |a 24  |w stu270312_0002 
996 |b 284V035374  |c V*2378/O-364  |l VVS  |s A  |a 24  |w stu270312_0003